British regional geology : East Yorkshire and Lincolnshire.

Bibliographic Details
Main Author: Wilson, Vernon
Corporate Authors: Geological Survey of Great Britain, Museum of Practical Geology (Great Britain)
Format: Book
Language:English
Published: London : H. M. Stationery Off, 1948.
Subjects:

MARC

Tag First Indicator Second Indicator Subfields
LEADER 00000cam a2200000 4500
001 in00000043218
005 20151007070921.0
008 760625s1948 enkab b f00000 eng
010 |a  48018822  
035 |a (OCoLC)02281266 
035 |9 AAE4960AM 
040 |a TXU  |c TXU  |d TXA  |d UtOrBLW 
049 |a TXAM  |c [520673] 
050 0 |a QE262.Y8  |b W5 
082 0 |a 554.2 
092 |a 554.2  |b W753b, 1948 
100 1 |a Wilson, Vernon. 
245 1 0 |a British regional geology :  |b East Yorkshire and Lincolnshire. 
264 1 |a London :  |b H. M. Stationery Off,  |c 1948. 
300 |a iv, 94 pages :  |b illustrations, maps. ;  |c 25 cm. 
336 |a text  |b txt  |2 rdacontent 
337 |a unmediated  |b n  |2 rdamedia 
338 |a volume  |b nc  |2 rdacarrier 
500 |a At head of title: Department of Scientific and Industrial Research. Geological Survey and Museum. 
504 |a "Geological Survey maps and memoirs and list of other general works": pages 93-94. 
650 0 |a Geology  |z England  |z Yorkshire. 
650 0 |a Geology  |z England  |z Lincolnshire. 
710 2 |a Geological Survey of Great Britain. 
710 2 |a Museum of Practical Geology (Great Britain) 
740 0 |a East Yorshire and Lincolnshire. 
999 |a MARS 
999 f f |s 19ef353c-9216-325c-92fe-ceb21c965ac6  |i c636e842-3d06-31b2-8d4c-55d10ba6e480  |t 0 
952 f f |p ric  |a Texas A&M University  |b Rellis Campus  |c Joint Library Facility  |d Remote Storage  |t 0  |e QE262.Y8 W5  |h Library of Congress classification  |i unmediated -- volume  |m A14800959735 
998 f f |a QE262.Y8 W5  |t 0  |l Remote Storage